Stati per riserve di Carbone - Statistics

Statistiche generali
  • Questo quiz è stato fatto 7 volte
  • Il punteggio medio è 9 su 10
Statistiche sulle risposte
Riserve (Milioni di tonnellate) Continente Nazione % Corretto
147 435 Oceania Australia
100%
138 819 Asia Cina
100%
36 103 Europa Germania
100%
101 363 Asia India
100%
160 364 Asia / Europa Russia
100%
250 219 America del Nord Stati Uniti
100%
26 479 Europa Polonia
86%
34 375 Europa Ucraina
86%
25 605 Asia / Europa Kazakistan
71%
37 000 Asia Indonesia
57%
Nessun quiz corrispondente trovato
Distribuzione punteggi
Percentuale di utenti per punteggio
Percentile per numero di risposta
I tuoi punteggi nel tempo
Non hai fatto questo quiz